00970pam a2200277 a 4500001000500000005001700005020001800022040002300040050001800063082001100081100002100092245005300113260003800166300005400204490002500258505000800283520013100291521002000422521002000442650005000462650005400512650004300566650002900609650003200638650002200670326920240222143743.0 a9780531159156 aDLCcDLCdDLCbeng00aQ127.E3b199800a509.321 aWoods, Geraldine10aScience in ancient Egypt /cby Woods, Ceraldine  aNew York :bFranklin Watts,c1998 a64 pages : bcolor illustrations , map ;c24 cm. a Science of the Past aZ  aDiscusses the achievements of the ancient Egyptians in science, mathematics, astronomy, medicine, agriculture, and technology. a990 bLexile  aZ bRaz-Plus  0aSciencezEgyptxHistoryxJuvenile literature. 0aEngineeringzEgyptxHistoryxJuvenile literature. 0aScience, AncientxJuvenile literature. 1aSciencezEgyptxHistory. 1aTechnologyzEgyptxHistory. 1aScience, Ancient.